| 000 | 00606nam a2200193Ia 4500 | ||
|---|---|---|---|
| 008 | 090123s9999 xx 000 0 und d | ||
| 082 | _b28734 | ||
| 100 | _aप्रेस्टन रिचर्ड | ||
| 245 | _aद हॉट झोन | ||
| 250 | _a1 | ||
| 260 |
_bमेहता प्रकाशन _c1998 |
||
| 300 | _a305 | ||
| 600 | _aप्रेस्टन रिचर्ड | ||
| 630 | _aद हॉट झोन | ||
| 700 | _aप्रेस्टन रिचर्ड | ||
| 700 | _aजोगळेकर प्रमोद | ||
| 730 | _aद हॉट झोन | ||
| 942 | _cBOOK | ||
| 999 |
_c67315 _d67315 |
||